Film con maggiori incassi rivalutati con il tasso d'inflazione - Statistics

Statistiche generali
  • Questo quiz è stato fatto 8 volte
  • Il punteggio medio è 4 su 10
Statistiche sulle risposte
Incasso rivalutato ($) Anno di uscita del film Film % Corretto
3 824 000 000 2009 Avatar
100%
3 165 000 000 2019 Avengers: Endgame
86%
4 192 000 000 1939 Via col vento
86%
3 485 000 000 1997 Titanic
71%
2 815 000 000 1982 E.T. l'extra-terrestre
43%
3 443 000 000 1977 Guerre stellari
43%
2 526 000 000 1965 Il dottor Živago
14%
2 665 000 000 1956 I dieci comandamenti
0%
2 491 000 000 2015 Star Wars: Il risveglio della Forza
0%
2 884 000 000 1965 Tutti insieme appassionatamente
0%
Nessun quiz corrispondente trovato
Distribuzione punteggi
Percentuale di utenti per punteggio
Percentile per numero di risposta
I tuoi punteggi nel tempo
Non hai fatto questo quiz